Jurassic Park 3 - Statistiques

Statistiques générales
  • Ce quiz a été pris 216 fois
    207 depuis la dernière actualisation
  • Le résultat moyen est 11 sur 15
Statistiques - réponses
Question Réponse % Correct
Que découvre les Kirby? Un nid de vélociraptor
89%
Après être retrouvé, Éric entend du bruit de la sonnerie, où provient-il? Du ventre d'un spinosaure
87%
Que voient-ils? Une bataille entre un spinosaure et un T-Rex
87%
Une fois atterri sur l'île, qu'est-ce qui s'est passé Amanda Kirby criait "Éric" dans un mégalophone
85%
Au moment où Grant essaie de téléphoner, le spinosaure revient et attaque le bateau. Où le groupe se réfugie? Dans la cage
85%
En route, Alan Grant était perdu et il est encerclé par cinq raptors, comment a-t-il pu sortir vivant de cet encerclement? Éric a jeté deux bombes lacrymogènes qui font fuir les raptors
85%
Que s'est-il passé ensuite? On a trouvé le téléphone dans les excréments du spinosaure
85%
Par quel moyen de transport le groupe va au site B? Par avion de tourisme
80%
Billy est attaqué par... Des ptéranodons
78%
Comment Paul et Amanda Kirby ont pu convaincre Alan Grant d'aller au site B avec eux? En donnant de l'argent
76%
Comment peut-on résumer la fin du film? Partir sans les oeufs
65%
Le groupe a trouvé un bateau qui permet d'arriver plus vite à la côte. Que découvre-t-on sur le bateau? Des brachiosaures qui se nourrissent des herbes
58%
Depuis combien de temps Éric s'est-il disparu sur l'île Sorna? 8 semaines
53%
Parmi les affirmations suivantes, laquelle est fausse? Les publics encouragent Alan Grant d'aller à l'Isla Nublar
53%
Combien de minutes dure le film? 92 minutes
45%
Aucun quiz correspondant
Distribution des résultats
% des personnes avec chaque résultat
Percentile par nombre de réponses
Votre historique - résultats
Vous n’avez pas pris ce quiz depuis la dernière actualisation